Godła wszystkich państw, terytoriów zależnych i państw nieuznawanych - Statystyki

Ogólne statystyki
  • Ten quiz został rozwiązany 27 razy
  • Średni wynik to 130 z 248
Statystyki odpowiedzi
Obrazkowy Odpowiedź % Poprawnych
Dominikana
93%
Islandia
93%
Niger
93%
Wyspy Cooka
93%
Chorwacja
86%
Gibraltar
86%
Haiti
86%
Liban
86%
Saint Martin
86%
Syria
86%
Szwajcaria
86%
Czarnogóra
79%
Etiopia
79%
Kiribati
79%
Komory
79%
Kosowo
79%
Litwa
79%
Namibia
79%
Nepal
79%
Portugalia
79%
Republika Zielonego Przylądka
79%
Rumunia
79%
Rwanda
79%
Samoa
79%
San Marino
79%
Somalia
79%
Togo
79%
Uzbekistan
79%
Wietnam
79%
Argentyna
71%
Australia
71%
Boliwia
71%
Brazylia
71%
Czechy
71%
Filipiny
71%
Grecja
71%
Gwinea
71%
Honduras
71%
Indie
71%
Irlandia
71%
Kirgistan
71%
Korea Południowa
71%
Kostaryka
71%
Malediwy
71%
Mauretania
71%
Niemcy
71%
Nowa Zelandia
71%
Pakistan
71%
Palau
71%
Polska
71%
Sudan Południowy
71%
Szwecja
71%
Tadżykistan
71%
Tajwan
71%
Tokelau
71%
Tuvalu
71%
Urugwaj
71%
Węgry
71%
Wyspy Marshalla
71%
Zambia
71%
Albania
64%
Angola
64%
Austria
64%
Bośnia i Hercegowina
64%
Brunei
64%
Burkina Faso
64%
Chiny
64%
Ekwador
64%
Guam
64%
Gwadelupa
64%
Gwinea Równikowa
64%
Hiszpania
64%
Irak
64%
Iran
64%
Izrael
64%
Jemen
64%
Kamerun
64%
Kazachstan
64%
Kolumbia
64%
Kuwejt
64%
Liberia
64%
Madagaskar
64%
Mali
64%
Mariany Północne
64%
Maroko
64%
Mikronezja
64%
Mołdawia
64%
Mozambik
64%
Nikaragua
64%
Panama
64%
Paragwaj
64%
Peru
64%
Republika Środkowoafrykańska
64%
Saba
64%
Salwador
64%
Samoa Amerykańskie
64%
Serbia
64%
Singapur
64%
Słowacja
64%
Słowenia
64%
Stany Zjednoczone
64%
Tajlandia
64%
Tanzania
64%
Timor Wschodni
64%
Tunezja
64%
Turcja
64%
Turkmenistan
64%
Ukraina
64%
Włochy
64%
Wyspa Man
64%
Andora
57%
Anguilla
57%
Armenia
57%
Belgia
57%
Białoruś
57%
Bułgaria
57%
Cypr
57%
Egipt
57%
Erytrea
57%
Eswatini
57%
Grenlandia
57%
Gruzja
57%
Gwatemala
57%
Japonia
57%
Kenia
57%
Laos
57%
Malta
57%
Meksyk
57%
Mjanma
57%
Niue
57%
Norwegia
57%
Sri Lanka
57%
Tonga
57%
Watykan
57%
Zjednoczone Emiraty Arabskie
57%
Azerbejdżan
50%
Bahrajn
50%
Belize
50%
Estonia
50%
Falklandy
50%
Finlandia
50%
Holandia
50%
Kambodża
50%
Kongo
50%
Korea Północna
50%
Liechtenstein
50%
Martynika
50%
Monako
50%
Naddniestrze
50%
Palestyna
50%
Papua Nowa Gwinea
50%
Polinezja Francuska
50%
Senegal
50%
Wallis i Futuna
50%
Wenezuela
50%
Wielka Brytania
50%
Wybrzeże Kości Słoniowej
50%
Wyspy Dziewicze Stanów Zjednoczonych
50%
Wyspy Owcze
50%
Afganistan
43%
Bhutan
43%
Botswana
43%
Brytyjskie Wyspy Dziewicze
43%
Cypr Północny
43%
Fidżi
43%
Gabon
43%
Ghana
43%
Jordania
43%
Kanada
43%
Luksemburg
43%
Mongolia
43%
Osetia Południowa
43%
Rosja
43%
Sahara Zachodnia
43%
Trynidad i Tobago
43%
Zimbabwe
43%
Chile
36%
Dania
36%
Dżibuti
36%
Francja
36%
Gwinea Bissau
36%
Kajmany
36%
Katar
36%
Łotwa
36%
Macedonia Północna
36%
Montserrat
36%
Nauru
36%
Nowa Kaledonia
36%
Oman
36%
Uganda
36%
Wyspy Świętego Tomasza i Książęca
36%
Algieria
29%
Antigua i Barbuda
29%
Arabia Saudyjska
29%
Bahamy
29%
Bangladesz
29%
Barbados
29%
Bonaire
29%
Brytyjskie Terytorium Antarktyczne
29%
Brytyjskie Terytorium Oceanu Indyjskiego
29%
Curacao
29%
Demokratyczna Republika Konga
29%
Dominika
29%
Francuskie Terytoria Południowe i Antarktyczne
29%
Indonezja
29%
Jersey
29%
Kuba
29%
Libia
29%
Malezja
29%
Nigeria
29%
Pitcairn
29%
Saint Barthelemy
29%
Saint Lucia
29%
Saint Pierre i Miquelon
29%
Saint Vincent i Grenadyny
29%
Seszele
29%
Somaliland
29%
Svalbard
29%
Vanuatu
29%
Abchazja
21%
Bermudy
21%
Burundi
21%
Czad
21%
Gambia
21%
Grenada
21%
Guernsey
21%
Jamajka
21%
Mauritius
21%
Portoryko
21%
Republika Południowej Afryki
21%
Reunion
21%
Saint Kitts i Nevis
21%
Sudan
21%
Surinam
21%
Turks i Caicos
21%
Wyspy Salomona
21%
Aruba
14%
Benin
14%
Georgia Południowa i Sandwich Południowy
14%
Gujana
14%
Gujana Francuska
14%
Lesotho
14%
Majotta
14%
Malawi
14%
Sierra Leone
14%
Sint Eustatius
14%
Sint Maarten
14%
Wyspa Norfolk
14%
Nie znaleziono quizów pasujących do podanych kryteriów
Rozkład punktacji
Procent ludzi z każdym wynikiem
Percentyl według liczby udzielonych odpowiedzi
Twoja historia wyników
Nie rozwiązałeś tego quizu